Flaggor i Nord- och Sydamerika Quiz - Statistics

General Stats
  • This quiz has been taken 148 times
  • The average score is 13 of 35
Answer Stats
Picture Answer % Correct
Kanada
100%
Mexiko
91%
Brasilien
71%
Jamaica
71%
Argentina
67%
Colombia
61%
Uruguay
56%
Venezuela
56%
Chile
48%
Förenta staterna
47%
Ecuador
46%
Panama
40%
Barbados
39%
Kuba
39%
Peru
36%
Honduras
34%
Guatemala
30%
Costa Rica
26%
Dominikanska republiken
26%
Paraguay
26%
Nicaragua
25%
Bahamas
24%
Saint Lucia
24%
Bolivia
21%
El Salvador
20%
Haiti
20%
Belize
18%
Guyana
18%
Surinam
18%
Trinidad och Tobago
17%
Dominica
13%
Grenada
13%
Antigua och Barbuda
11%
Saint Vincent och Grenadinerna
9%
Saint Kitts och Nevis
8%
No matching quizzes found
Score Distribution
Percent of People with Each Score
Percentile by Number Answered
Your Score History
You have not taken this quiz